00981nab a22002417a 4500999001500000003000400015005001700019008004100036040000700077100003300084245007400117260007200191300001300263500003400276505008600310505008900396650002300485650003800508650003200546650002400578773012400602942001300726 c5488d5488OSt20251205132937.0190502c xxu||||| |||| 00| 0 spa d cPJ aRivas, Mariano Tomás9648213aEl pedido de pena en la etapa preparatoria /cMariano Tomás Rivas. aCiudad Autónoma de Buenos Aires :bThomson Reuters La Ley,c2025. ap. 11-21 aCita Online: AR/DOC/607/2025. aSumario: I. Introducción.— II. El planteo del problema.— III. Conclusiones. t¿Te interesa el texto completo? Solicitalo al correo: koha@justierradelfuego.gov.ar 09343aDERECHO PENAL 094022aMINISTERIO PÚBLICO FISCAL 092500aCODIGO PROCESAL PENAL 092348aPROCESO PENAL0 0272993180dBuenos Aires : LexisNexis, 2006-tRevista de derecho penal y procesal penal. Nº 5 - Mayo 2025z9875920622 2udccANA